000 00800nas a2200253 4500
001 BR0801225
003 BR-BrBNA
005 20231205111650.0
007 ta
008 230509b bl.|||p| |||| 00| 00por d
040 _aBR-BrBNA
_bpor
_cBiblioteca Nacional de Agricultura
041 _a(Es)
072 _aL20
100 1 _aCabello, D.R.
100 1 _aSoriano, P.J.
245 1 _aCalorimetria de los murcielagos glossophaga longirostris y desmodus rotundus de una zona arida de los Andes Venezolanos
650 _aVENEZUELA
650 _aVALOR CALÓRICO
650 _aZONA ÁRIDA
650 _aMORCEGO
773 0 _tRevista Brasileira de Biologia (Brazil)
_xISSN 0034-7108
_g(Nov 1993), v. 53(4) p. 601-609
_wBR0801225
909 _a202311
_bLúcia
_c55
_dLúcia Elande
942 _2AGRIS
_n0
_cANA
999 _c193838
_d193838